|
|
|
|
| LEADER |
00000nam0a2200000 4500 |
| 001 |
148490 |
| 005 |
20231101221352.0 |
| 020 |
|
|
|a RU
|b 81-50270
|
| 035 |
|
|
|a (RuTPU)RU\TPU\book\160986
|
| 090 |
|
|
|a 148490
|
| 100 |
|
|
|a 20081203d1981 de y0rusy5003 ca
|
| 101 |
1 |
|
|a rus
|c gex
|
| 102 |
|
|
|a BY
|
| 105 |
|
|
|a a z 000ay
|
| 200 |
1 |
|
|a Витязь в тигровой шкуре
|e [поэма]
|e пер. с груз.
|f Ш. Руставели
|g авт. предисл. Б. Жгенти ; худож. С. С. Кобуладзе
|
| 210 |
|
|
|a Минск
|c Юнацтва
|d 1981
|
| 215 |
|
|
|a 174 с.
|c 5 л. ил.
|
| 225 |
1 |
|
|a Школьная библиотека
|
| 606 |
1 |
|
|a Грузинская литература
|2 stltpush
|3 (RuTPU)RU\TPU\subj\8671
|9 36034
|
| 610 |
1 |
|
|a художественная литература
|
| 610 |
1 |
|
|a 12 век
|
| 610 |
1 |
|
|a 13 век
|
| 610 |
1 |
|
|a поэмы
|
| 675 |
|
|
|a 894.631
|v 3
|
| 700 |
|
1 |
|a Руставели
|b Ш.
|c грузинский поэт
|c мыслитель-гуманист
|f 12 век
|g Шота
|2 stltpush
|3 (RuTPU)RU\TPU\pers\13066
|9 3766
|
| 702 |
|
1 |
|a Жгенти
|b Б.
|4 080
|
| 702 |
|
1 |
|a Кобуладзе
|b С. С.
|4 440
|
| 801 |
|
0 |
|a RU
|b RuMRKP
|c 19950704
|g psbo
|
| 801 |
|
1 |
|a RU
|b 63413507
|c 20081203
|g PSBO
|
| 801 |
|
2 |
|a RU
|b 63413507
|c 20200525
|g PSBO
|
| 942 |
|
|
|c BK
|